| 000 | 00747 a2200217 4500 | ||
|---|---|---|---|
| 001 | 31408 | ||
| 005 | 20260407155619.0 | ||
| 008 | 260407a1948 arg spa d | ||
| 003 | AR-UNSa-BCEJYS | ||
| 040 |
_aAR-UNSa-BCEJYS _bspa _cAR-UNSa-BCEJYS |
||
| 080 |
_a658 _xAdministración de empresas. Organización comercial |
||
| 245 | 1 | 0 | _aOrganización administrativa y contable |
| 250 | _a3a. ed. | ||
| 264 | 1 | _c1948 | |
| 300 |
_a267 p. _c20 cm. |
||
| 505 | _a1. Organización administrativa - 2. Contralor interno y externo - 3. La contabilidad - 4. Mecanismo de control interno - 5. El jefe de contaduría - 6. El personal | ||
| 942 | _cBK | ||
| 590 | _aniveau_biblio:m niveau_hierar:0 | ||
| 100 | 1 | _aSeoane, Jorge | |
| 700 | 1 | _aRaul, Joaquin | |
| 999 |
_c2172 _d2172 |
||